[Event "34th Leon Blitz Open 2021"]
[Site "chess.com INT"]
[Date "2021.07.07"]
[Round "7"]
[White "Rosenberg, Evan S"]
[Black "Yen, William"]
[Result "1-0"]
[WhiteElo "2125"]
[BlackElo "2056"]
[WhiteFideId "2019299"]
[BlackFideId "30932025"]
[EventDate "2021.07.07"]

1. Nf3 Nf6 2. c4 g6 3. Nc3 Bg7 4. e4 d6 5. d4 O-O 6. h3 Nbd7 7. e5 dxe5 8. dxe5
Ne8 9. e6 fxe6 10. Ng5 Bxc3+ 11. bxc3 Ng7 12. Be3 Ne5 13. Bd4 Nc6 14. Bxg7 Kxg7
15. Qe2 e5 16. Rd1 Qe8 17. Qe3 Rf5 18. Bd3 Rf6 19. O-O Bf5 20. Ne4 Bxe4 21. Bxe4
Rd8 22. Bxc6 Rxd1 23. Bxe8 1-0

[Event "34th Leon Blitz Open 2021"]
[Site "chess.com INT"]
[Date "2021.07.07"]
[Round "7"]
[White "Tejedor Fuente, Enrique"]
[Black "Sarkar, Justin"]
[Result "1-0"]
[WhiteTitle "IM"]
[BlackTitle "IM"]
[WhiteElo "2434"]
[BlackElo "2338"]
[WhiteFideId "2299100"]
[BlackFideId "2010011"]
[EventDate "2021.07.07"]

1. e4 g6 2. d4 Nf6 3. e5 Nh5 4. Be2 d6 5. Bxh5 gxh5 6. Qxh5 Nc6 7. e6 Bxe6 8. d5
Bd7 9. dxc6 Bxc6 10. Nf3 Qd7 11. Nc3 Rg8 12. Bf4 Qe6+ 13. Be3 Rxg2 14. O-O-O Qg6
15. Qh3 Qg4 16. Qxg4 Rxg4 17. h3 1-0

[Event "34th Leon Blitz Open 2021"]
[Site "chess.com INT"]
[Date "2021.07.07"]
[Round "7"]
[White "Roman, Rodrigo"]
[Black "Maltsevskaya, Aleksandra"]
[Result "1/2-1/2"]
[WhiteTitle "CM"]
[BlackTitle "WGM"]
[WhiteElo "2071"]
[BlackElo "2382"]
[WhiteFideId "3701220"]
[BlackFideId "24174041"]
[EventDate "2021.07.07"]

1. c4 e5 2. Nc3 Nf6 3. Nf3 Nc6 4. e3 d5 5. cxd5 Nxd5 6. Bb5 Nxc3 7. bxc3 Bd6 8.
d4 exd4 9. exd4 O-O 10. O-O Bg4 11. h3 Bh5 12. Bd3 Bg6 13. Bg5 Qd7 14. Re1 Rae8
15. Bxg6 fxg6 16. Qb3+ Kh8 17. Qxb7 h6 18. Rxe8 Rxe8 19. Bd2 Rf8 20. Re1 g5 21.
Qa6 Rxf3 22. gxf3 Qxh3 23. Re8+ Kh7 24. Qc8 Bh2+ 25. Kh1 Qxf3+ 26. Kxh2 Qxf2+
27. Kh3 Qf3+ 28. Kh2 Qf2+ 29. Kh1 Qf1+ 30. Kh2 Qf2+ 1/2-1/2

[Event "34th Leon Blitz Open 2021"]
[Site "chess.com INT"]
[Date "2021.07.07"]
[Round "7"]
[White "Necula, Iulian"]
[Black "Llorens Sepulveda, Marcelo"]
[Result "0-1"]
[BlackTitle "FM"]
[WhiteElo "1890"]
[BlackElo "2257"]
[WhiteFideId "1232380"]
[BlackFideId "3400999"]
[EventDate "2021.07.07"]

1. Nf3 c5 2. g3 Nc6 3. Bg2 e5 4. O-O d6 5. e4 Be6 6. c3 f6 7. d4 cxd4 8. cxd4
Bg4 9. d5 Nd4 10. h3 Nxf3+ 11. Bxf3 Bxh3 12. Qa4+ Bd7 13. Qb3 b6 14. Nc3 Ne7 15.
Be3 Ng6 16. Kg2 Be7 17. Rh1 O-O 18. Rh2 f5 19. Rah1 h6 20. Bh5 Qe8 21. Qd1 f4
22. Bc1 Qf7 23. f3 fxg3 24. Bxg6 Qxg6 25. Rh5 Rf7 26. Bxh6 gxh6 27. Rxh6 Qg7 28.
Rh7 Qxh7 29. Rxh7 Rxh7 30. Kxg3 Kh8 31. Kf2 Bg5 32. Ne2 Rh2+ 33. Kf1 Rh1+ 34.
Ng1 Rg8 35. Qe2 Bh4 36. Qa6 Rgxg1+ 37. Ke2 Rd1 38. f4 Bg4+ 39. Ke3 Rhe1+ 0-1

[Event "34th Leon Blitz Open 2021"]
[Site "chess.com INT"]
[Date "2021.07.07"]
[Round "7"]
[White "Gabrielian, Artur"]
[Black "Matveev, Vladimir3"]
[Result "1-0"]
[WhiteTitle "GM"]
[BlackTitle "FM"]
[WhiteElo "2460"]
[BlackElo "2344"]
[WhiteFideId "4131002"]
[BlackFideId "24130753"]
[EventDate "2021.07.07"]

1. e4 c5 2. Nc3 d6 3. d4 cxd4 4. Qxd4 a6 5. b3 Nc6 6. Qd2 g6 7. Bb2 Bg7 8. O-O-O
Nf6 9. Nge2 O-O 10. Kb1 b5 11. f3 a5 12. Nxb5 a4 13. Nec3 axb3 14. cxb3 Qa5 15.
a4 Qb4 16. Bc4 Qc5 17. Nd5 Nxd5 18. Bxd5 Bxb2 19. Qxb2 Bd7 20. h4 h6 21. Rc1 Qb6
22. h5 g5 23. Rhd1 Rac8 24. Bxc6 Bxc6 25. Nd4 Bd7 26. Rxc8 Rxc8 27. Rc1 Rb8 28.
Rc2 e6 29. g4 Qa5 30. Ka2 Bxa4 31. Qa3 Bxb3+ 32. Nxb3 Qe1 33. Qc1 Qe3 34. Qxe3 1-0

[Event "34th Leon Blitz Open 2021"]
[Site "chess.com INT"]
[Date "2021.07.07"]
[Round "7"]
[White "Lorente Serrano, Rosa Adela"]
[Black "Gallegos Diaz, Carlos Alberto"]
[Result "0-1"]
[WhiteTitle "WFM"]
[BlackTitle "IM"]
[WhiteElo "2022"]
[BlackElo "2374"]
[WhiteFideId "32091982"]
[BlackFideId "3900886"]
[EventDate "2021.07.07"]

1. c4 d6 2. Nf3 Nf6 3. g3 e5 4. d3 Nbd7 5. Bg2 Be7 6. O-O O-O 7. Nc3 c6 8. e4 h6
9. Ne1 Re8 10. h3 a6 11. Be3 b5 12. b3 Bf8 13. f4 Bb7 14. f5 b4 15. Na4 d5 16.
Qe2 Qc7 17. Rc1 dxe4 18. dxe4 c5 19. g4 Bxe4 20. Bxe4 Nxe4 21. Qg2 Ndf6 22. Nf3
Rad8 23. g5 hxg5 24. Nxg5 Qc6 25. Rce1 Rd6 26. Nxe4 Nxe4 27. Bc1 Nf6 28. Qg3 e4
29. Bf4 Rd3 30. Qg2 Nh5 31. Nb2 Rf3 32. Rxf3 exf3 33. Qf2 Nxf4 34. Rxe8 Nxh3+ 0-1

[Event "34th Leon Blitz Open 2021"]
[Site "chess.com INT"]
[Date "2021.07.07"]
[Round "7"]
[White "Vazquez, Facundo"]
[Black "Lysyj, Igor"]
[Result "1/2-1/2"]
[WhiteTitle "CM"]
[BlackTitle "GM"]
[WhiteElo "2199"]
[BlackElo "2605"]
[WhiteFideId "3007669"]
[BlackFideId "4150120"]
[EventDate "2021.07.07"]

1. d4 Nf6 2. c4 e6 3. Nf3 b6 4. g3 Bb7 5. Bg2 Bb4+ 6. Bd2 a5 7. O-O O-O 8. Bf4
Be7 9. Nc3 Ne4 10. Qc2 Nxc3 11. Qxc3 d6 12. Rad1 Nd7 13. Ne1 Bxg2 14. Nxg2 Bf6
15. Qc2 a4 16. e4 e5 17. Be3 g6 18. Rd2 Bg7 19. dxe5 Nxe5 20. f3 Qd7 21. Nf4 f5
22. exf5 Rxf5 23. Bd4 Raf8 24. Bxe5 Bxe5 25. Nd3 Bd4+ 26. Kg2 g5 27. Nb4 Bg7 28.
Nd5 Kh8 29. Re2 Be5 30. Qd3 R5f7 31. Ref2 Bg7 32. f4 gxf4 33. Nxf4 c6 34. Qd1
Be5 35. Nd3 Bd4 36. Rxf7 Rxf7 37. Nf4 Be5 38. Nd3 Rxf1 39. Qxf1 Bg7 40. Qe2 1/2-1/2

[Event "34th Leon Blitz Open 2021"]
[Site "chess.com INT"]
[Date "2021.07.07"]
[Round "7"]
[White "Sarana, Alexey"]
[Black "Onischuk, Vladimir"]
[Result "1-0"]
[WhiteTitle "GM"]
[BlackTitle "GM"]
[WhiteElo "2640"]
[BlackElo "2622"]
[WhiteFideId "24133795"]
[BlackFideId "14114038"]
[EventDate "2021.07.07"]

1. e4 d6 2. d4 Nf6 3. Nc3 g6 4. f4 Bg7 5. Nf3 O-O 6. Bd3 Na6 7. O-O c5 8. d5 Bg4
9. h3 Bxf3 10. Rxf3 Nc7 11. a4 a6 12. a5 Nb5 13. Ne2 c4 14. Bxc4 Nxe4 15. c3 b6
16. axb6 Qxb6+ 17. Be3 Qb7 18. f5 Rfc8 19. Qd3 Nc5 20. Bxc5 Rxc5 21. fxg6 hxg6
22. Raf1 Rf8 23. Nf4 Rcc8 24. Ba2 a5 25. Bb1 Nxc3 26. bxc3 Rxc3 27. Qe4 Rxf3 28.
Rxf3 Rc8 29. Rf1 Qb6+ 30. Kh1 Bf6 31. Nxg6 fxg6 32. Qe6+ Kg7 33. Qxc8 Qb5 34.
Re1 Qxd5 35. Qg4 g5 36. Qe4 Qd2 37. Rf1 Kf8 38. Qe6 Kg7 39. Ba2 1-0

[Event "34th Leon Blitz Open 2021"]
[Site "chess.com INT"]
[Date "2021.07.07"]
[Round "7"]
[White "Pacheco Lugo, Alejandro Jose"]
[Black "Gabriel, Robert"]
[Result "1-0"]
[WhiteTitle "CM"]
[BlackTitle "FM"]
[WhiteElo "2127"]
[BlackElo "2236"]
[WhiteFideId "3903745"]
[BlackFideId "4606477"]
[EventDate "2021.07.07"]

1. e4 e6 2. d4 d5 3. Bd3 dxe4 4. Bxe4 Nf6 5. Bf3 c5 6. Ne2 Nc6 7. Be3 cxd4 8.
Nxd4 Nxd4 9. Qxd4 Qxd4 10. Bxd4 Be7 11. Nc3 O-O 12. Nb5 Bd7 13. Nxa7 Nd5 14. c4
Nb4 15. Kd2 Rfd8 16. Kc3 Nc6 17. Nxc6 Bxc6 18. Bxc6 bxc6 19. Rhd1 f6 20. a3 e5
21. Be3 Kf7 22. Rxd8 Rxd8 23. a4 e4 24. a5 c5 25. a6 Ra8 26. a7 Ke6 27. b4 cxb4+
28. Kb3 Kd7 29. Ra5 Kc6 30. Rb5 Bd6 31. Ka4 g6 32. Ka5 f5 33. Ka6 f4 34. Bd4 e3
35. fxe3 fxe3 36. Bxe3 Bxh2 37. Rb6+ Kd7 38. Rxb4 Bg3 39. Rb7+ 1-0

[Event "34th Leon Blitz Open 2021"]
[Site "chess.com INT"]
[Date "2021.07.07"]
[Round "7"]
[White "Guevara Sanchez, Erick Marvin"]
[Black "Estrada Nieto, Julian"]
[Result "0-1"]
[WhiteTitle "FM"]
[BlackTitle "IM"]
[WhiteElo "2173"]
[BlackElo "2280"]
[WhiteFideId "6700136"]
[BlackFideId "5101018"]
[EventDate "2021.07.07"]

1. e4 e5 2. Nf3 Nc6 3. Bc4 Bc5 4. O-O d6 5. b4 Bb6 6. a4 a5 7. b5 Nd4 8. c3
Nxf3+ 9. Qxf3 Qf6 10. Qe2 Qg6 11. Kh1 Nf6 12. d3 O-O 13. Be3 Bg4 14. f3 Be6 15.
Nd2 Bxe3 16. Qxe3 Rfe8 17. Bxe6 Rxe6 18. d4 b6 19. d5 Ree8 20. g4 Nd7 21. Nb3 f6
22. h3 Qg5 23. Rae1 Qxe3 24. Rxe3 g5 25. Kg2 Nf8 26. h4 gxh4 27. Rh1 Ng6 28. Nc1
Kg7 29. Nd3 Rh8 30. Ree1 h5 31. g5 fxg5 32. Kf2 Kf6 33. Reg1 Rag8 34. Nb2 Nf4
35. Ke3 h3 36. Nd3 Nxd3 37. Kxd3 g4 38. Ke3 Kg5 39. Rxh3 Rh6 40. Rhg3 Kh4 0-1

[Event "34th Leon Blitz Open 2021"]
[Site "chess.com INT"]
[Date "2021.07.07"]
[Round "7"]
[White "Silva Lucena, Cristian"]
[Black "Khabinets, Ivan"]
[Result "0-1"]
[WhiteTitle "FM"]
[WhiteElo "2238"]
[BlackElo "1980"]
[WhiteFideId "2232588"]
[BlackFideId "14115980"]
[EventDate "2021.07.07"]

1. c4 e5 2. Nc3 Nf6 3. Nf3 Nc6 4. e4 d5 5. cxd5 Nd4 6. d3 Bc5 7. Be3 Qe7 8. a3
a5 9. Be2 O-O 10. O-O Bd7 11. Rc1 Rfc8 12. Bxd4 exd4 13. Na4 Ba7 14. b4 axb4 15.
axb4 Qxb4 16. Rc4 Qa5 17. Nb2 b5 18. Rc1 Bb6 19. Qb3 Qa2 20. Qc2 Qa3 21. Ne5 Be8
22. g4 Qb4 23. g5 Ra2 24. Rb1 Qc3 25. Rfc1 Nd7 26. Nc6 Qxc2 27. Rxc2 Kf8 28. Bg4
Rca8 29. Rcc1 Nc5 30. Nb4 R2a3 31. e5 Rb3 32. Nd1 Rxb4 33. Rxb4 Nxd3 34. Rbb1
Nxc1 35. Rxc1 Ra2 36. e6 fxe6 37. Bxe6 Ra3 38. Nb2 Ke7 39. Rd1 Kd6 40. Nd3 Bg6
41. Nf4 b4 42. h4 Bf5 43. Bf7 g6 44. h5 b3 45. hxg6 hxg6 46. Nxg6 b2 47. Nh4 Bc2
48. Re1 Ra1 0-1

[Event "34th Leon Blitz Open 2021"]
[Site "chess.com INT"]
[Date "2021.07.07"]
[Round "7"]
[White "Martinez Alcantara, Jose Eduardo"]
[Black "Ibarra Jerez, Jose Carlos"]
[Result "1-0"]
[WhiteTitle "GM"]
[BlackTitle "GM"]
[WhiteElo "2620"]
[BlackElo "2558"]
[WhiteFideId "3805662"]
[BlackFideId "2226332"]
[EventDate "2021.07.07"]

1. e4 c5 2. Nf3 Nf6 3. Nc3 d5 4. exd5 Nxd5 5. Bb5+ Bd7 6. Be2 Nf4 7. Bf1 Nc6 8.
d4 cxd4 9. Nxd4 e5 10. Ndb5 Ne6 11. Be3 Ncd4 12. Nxd4 exd4 13. Bxd4 Bc6 14. Be3
Bb4 15. Qxd8+ Rxd8 16. a3 Bxc3+ 17. bxc3 O-O 18. f3 Rfe8 19. Kf2 Nc7 20. Bd3 a6
21. Bb6 Rd7 22. Rhe1 Rxe1 23. Rxe1 g6 24. c4 Ne6 25. Be3 Kg7 26. h4 h5 27. Rg1
Nd4 28. Rd1 Ne6 29. g4 hxg4 30. fxg4 Kf6 31. Kg3 Rd8 32. Rf1+ Kg7 33. h5 Rh8 34.
Bd2 Kg8 35. Bc3 Rh6 36. Bd2 Rh7 37. h6 Nc5 38. g5 Ne4+ 39. Bxe4 Bxe4 40. Re1 f5
41. gxf6 Bxc2 42. Re8+ Kf7 43. Re7+ Kg8 44. Rxh7 Kxh7 45. f7 1-0

[Event "34th Leon Blitz Open 2021"]
[Site "chess.com INT"]
[Date "2021.07.07"]
[Round "7"]
[White "Djordjevic, Dejan N"]
[Black "Sviridova, Vlada"]
[Result "1-0"]
[WhiteTitle "FM"]
[BlackTitle "WFM"]
[WhiteElo "2144"]
[BlackElo "2144"]
[WhiteFideId "913316"]
[BlackFideId "24109606"]
[EventDate "2021.07.07"]

1. e4 e6 2. d3 d5 3. Bd2 Nf6 4. e5 Nfd7 5. d4 c5 6. c3 Nc6 7. Nf3 Qb6 8. Qb3 Qc7
9. Be2 a6 10. a4 Na5 11. Qd1 Qb6 12. Ra2 c4 13. O-O Be7 14. Bg5 Bxg5 15. Nxg5 h6
16. Nh3 O-O 17. f4 f6 18. Kh1 fxe5 19. fxe5 Rxf1+ 20. Bxf1 Nf8 21. Qc2 Bd7 22.
Nd2 Be8 23. Be2 Bg6 24. Qd1 Nd7 25. Nf4 Bh7 26. Bg4 Nf8 27. Qf3 Rd8 28. Qh3 Re8
29. Bd1 Re7 30. Qe3 Rf7 31. h3 Qd8 32. Qg3 Kh8 33. Kh2 Nc6 34. b4 Ne7 35. Bh5 g6
36. Bg4 h5 37. Bd1 Nf5 38. Qf3 Qg5 39. Ne2 Ng7 40. Qxf7 Nf5 41. Qxf8+ Bg8 42.
Qf6+ Qxf6 43. exf6 Ne3 44. Bc2 Bf7 45. Nf3 1-0

[Event "34th Leon Blitz Open 2021"]
[Site "chess.com INT"]
[Date "2021.07.07"]
[Round "7"]
[White "Wiwatanadate, Poompong"]
[Black "Arias, Juan Cruz"]
[Result "0-1"]
[WhiteTitle "FM"]
[BlackTitle "CM"]
[WhiteElo "2043"]
[BlackElo "2277"]
[WhiteFideId "6201083"]
[BlackFideId "118540"]
[EventDate "2021.07.07"]

1. d4 Nf6 2. c4 e6 3. Nc3 Bb4 4. e3 b6 5. Bd3 Bb7 6. Ne2 Be4 7. f3 Bxd3 8. Qxd3
Bxc3+ 9. Nxc3 O-O 10. O-O d5 11. b3 Nc6 12. Bb2 Qd7 13. Rad1 Rfd8 14. Ne2 a5 15.
g4 Nb4 16. Qb1 a4 17. Ng3 axb3 18. axb3 dxc4 19. bxc4 Qa4 20. g5 Ne8 21. Bc3 c5
22. Qb2 Qc6 23. Bxb4 cxb4 24. Qxb4 Nd6 25. c5 bxc5 26. Qxc5 Qb7 27. Rb1 Qd7 28.
Ne4 Nf5 29. Rfe1 Rac8 30. Qe5 Qe7 31. Qf4 Qa3 32. Ng3 Ne7 33. Rbd1 Rc2 34. Re2
Nd5 35. Qh4 Rxe2 36. Nxe2 Qxe3+ 37. Qf2 Qxg5+ 38. Kh1 h6 39. Rg1 Qf6 40. Ng3 Kh8
41. Ne4 Qf4 42. Qg2 g6 43. Qh3 Rc8 44. Nf2 Rc1 45. Ng4 Rxg1+ 46. Kxg1 h5 47. Ne5
Qxd4+ 48. Kg2 Nf4+ 0-1

[Event "34th Leon Blitz Open 2021"]
[Site "chess.com INT"]
[Date "2021.07.07"]
[Round "7"]
[White "Harshavardhan, G B"]
[Black "Larino Nieto, David"]
[Result "1-0"]
[WhiteTitle "IM"]
[BlackTitle "GM"]
[WhiteElo "2397"]
[BlackElo "2455"]
[WhiteFideId "25059009"]
[BlackFideId "2256444"]
[EventDate "2021.07.07"]

1. d4 e6 2. c4 f5 3. Nf3 Nf6 4. g3 b6 5. Nc3 Bb4 6. Bg2 Bb7 7. O-O O-O 8. Bd2
Bxc3 9. Bxc3 Be4 10. Qd2 Nc6 11. b4 Qe8 12. b5 Ne7 13. Ne1 Bxg2 14. Nxg2 Ne4 15.
Qc2 d5 16. f3 Nd6 17. cxd5 exd5 18. a4 Ng6 19. Bb4 Qd7 20. Rac1 Rf7 21. Qc6 Qxc6
22. Rxc6 Ne8 23. a5 Rd8 24. Rfc1 Ne7 25. Bxe7 Rxe7 26. axb6 cxb6 27. Rc8 Rxc8
28. Rxc8 Kf7 29. Nf4 Rc7 30. Rd8 Ke7 31. Rxd5 Nd6 32. Re5+ Kd7 33. Kf2 Rc2 34.
Nd5 Nxb5 35. Nb4 Rb2 36. Rxb5 a5 37. Rxb6 Rxb4 38. Rxb4 axb4 39. Ke3 g5 40. Kd3
Kd6 41. Kc4 b3 42. Kxb3 Kd5 43. Kc3 f4 44. gxf4 gxf4 45. Kd3 h6 46. h3 h5 47. h4
Ke6 48. Ke4 1-0

[Event "34th Leon Blitz Open 2021"]
[Site "chess.com INT"]
[Date "2021.07.07"]
[Round "7"]
[White "Senlle Caride, Miguel"]
[Black "Matinian, Nikita"]
[Result "1-0"]
[WhiteTitle "FM"]
[BlackTitle "GM"]
[WhiteElo "2354"]
[BlackElo "2436"]
[WhiteFideId "2282500"]
[BlackFideId "24129100"]
[EventDate "2021.07.07"]

1. e4 d6 2. d4 g6 3. Nc3 a6 4. a4 Bg7 5. h3 Nc6 6. Nf3 Nf6 7. Be2 O-O 8. O-O e5
9. Be3 exd4 10. Nxd4 Re8 11. Bf3 Bd7 12. Qd2 Ne5 13. Be2 c5 14. Nb3 Qc7 15. Rad1
Re6 16. f4 Nc6 17. Nd5 Qd8 18. Nxf6+ Qxf6 19. e5 Nxe5 20. fxe5 Qxe5 21. Bg4 f5
22. Bf4 Qxb2 23. Bf3 Bc6 24. Bd5 Bxd5 25. Qxd5 Re8 26. Rfe1 Qf6 27. Rxe6 Rxe6
28. Bxd6 Qf7 29. Nxc5 Re2 30. Qxf7+ Kxf7 31. Nxb7 Rxc2 32. a5 Bc3 33. Rb1 Ke6
34. Bc5 Kd5 35. Bf2 Be5 36. Rd1+ Kc6 37. Nd8+ Kc7 38. Bb6+ Kc8 39. Ne6 Bg3 40.
Kh1 h5 41. Nc5 Bh4 42. Nxa6 f4 43. Nb4 Rb2 44. Nd3 Ra2 45. Nxf4 Kb7 46. Nxg6 Bg3
47. Ne7 h4 48. Nf5 1-0

[Event "34th Leon Blitz Open 2021"]
[Site "chess.com INT"]
[Date "2021.07.07"]
[Round "7"]
[White "Mogirzan, Matei-Valeriu"]
[Black "Jimenez Martinez, Jose Vicente"]
[Result "0-1"]
[WhiteTitle "CM"]
[BlackTitle "FM"]
[WhiteElo "1813"]
[BlackElo "2271"]
[WhiteFideId "1257455"]
[BlackFideId "2264021"]
[EventDate "2021.07.07"]

1. e4 d6 2. d4 g6 3. Bc4 Bg7 4. Nf3 Nf6 5. Nc3 O-O 6. O-O Nc6 7. d5 Nb8 8. h3 a6
9. a4 e5 10. dxe6 Bxe6 11. Bxe6 fxe6 12. e5 dxe5 13. Nxe5 Nbd7 14. Nxd7 Qxd7 15.
Bg5 Qxd1 16. Raxd1 h6 17. Bh4 Rf7 18. Rfe1 Re8 19. Ne4 Nxe4 20. Rxe4 Bxb2 21.
Rb4 Be5 22. Rxb7 g5 23. Bg3 Bxg3 24. fxg3 e5 25. Ra7 Re6 26. Rd8+ Kg7 27. Rc8
Rc6 28. Re8 Kf6 29. Rh8 Ke7 30. Rha8 Rxc2 31. Rxa6 Rc1+ 32. Kh2 e4 33. Ra5 Kf6
34. Re8 Rc4 35. g4 Re7 36. Rf5+ Ke6 37. Rxe7+ Kxe7 38. a5 Ke6 39. h4 e3 40. Kg1
Rxg4 41. hxg5 hxg5 42. Rc5 Kd6 43. Rc3 Re4 44. Kf1 Ra4 45. Rxe3 Rxa5 46. Ke2 Re5
47. Kf3 Rxe3+ 48. Kxe3 Ke5 49. g4 c5 50. Kf3 Kd4 51. Ke2 c4 52. Kd2 Ke4 53. Kc3
Kf4 54. Kxc4 Kxg4 55. Kd3 Kf3 0-1

[Event "34th Leon Blitz Open 2021"]
[Site "chess.com INT"]
[Date "2021.07.07"]
[Round "7"]
[White "Bator, Robert"]
[Black "Szente Varga, Fruzsina"]
[Result "1-0"]
[WhiteTitle "IM"]
[BlackTitle "WFM"]
[WhiteElo "2356"]
[BlackElo "2100"]
[WhiteFideId "1700405"]
[BlackFideId "712264"]
[EventDate "2021.07.07"]

1. e4 e5 2. Nf3 Nc6 3. Bc4 Bc5 4. d3 Nf6 5. O-O O-O 6. h3 h6 7. a4 d6 8. c3 a5
9. Re1 Be6 10. Bxe6 fxe6 11. d4 exd4 12. cxd4 Bb4 13. Nc3 d5 14. e5 Bxc3 15.
bxc3 Ne4 16. Re3 Ne7 17. Nd2 Nf5 18. Rf3 Ng5 19. Rf4 c5 20. Ba3 b6 21. dxc5 bxc5
22. Bxc5 Rf7 23. h4 Nh7 24. g3 Qc7 25. Bd4 Raf8 26. Rg4 Nxd4 27. cxd4 Rxf2 28.
Qe1 Qc2 29. Rd1 h5 30. Rf4 R2xf4 31. gxf4 Rxf4 32. Nf1 Rg4+ 33. Ng3 Qxa4 34. Rd3
Qc4 35. Qd2 g5 36. Kh2 Rxh4+ 37. Kg2 Rg4 38. Kh3 a4 39. Nxh5 Rh4+ 40. Kg3 Rxh5
41. Rc3 Qa6 42. Qc1 Rh4 43. Rc8+ Kg7 44. Rc7+ Kh6 45. Rxh7+ Kxh7 46. Qxg5 Qd3+
47. Kxh4 Qxd4+ 48. Kh3 Qd3+ 49. Kh2 Qg6 50. Qe7+ Kh6 51. Qf8+ Kg5 52. Qa8 Qc2+
53. Kg3 Kf5 54. Qf8+ Kxe5 55. Qf4# 1-0

[Event "34th Leon Blitz Open 2021"]
[Site "chess.com INT"]
[Date "2021.07.07"]
[Round "7"]
[White "Kamsky, Gata"]
[Black "Henderson de La Fuente, Lance"]
[Result "1/2-1/2"]
[WhiteTitle "GM"]
[BlackTitle "GM"]
[WhiteElo "2658"]
[BlackElo "2491"]
[WhiteFideId "2000024"]
[BlackFideId "32096585"]
[EventDate "2021.07.07"]

1. e4 c5 2. Nc3 e6 3. Nf3 a6 4. g3 Nc6 5. Bg2 d6 6. d4 cxd4 7. Nxd4 Qc7 8. a4
Nf6 9. O-O Be7 10. Be3 Ne5 11. h3 O-O 12. Nb3 Nc4 13. Bc1 Bd7 14. a5 Rfd8 15.
Qe2 Rac8 16. Rd1 e5 17. Qe1 Be6 18. Ra4 Bd7 19. Ra1 Be6 20. Ra4 h6 21. Qe2 Bf8
22. Nd5 Nxd5 23. exd5 Bd7 24. Ra1 Bb5 25. Qe1 f5 26. c3 g6 27. h4 Bg7 28. Bf1
Rf8 29. Be2 Rce8 30. Nd2 Nxd2 31. Bxd2 Bc4 32. Be3 f4 33. Bb6 Qc8 34. Bxc4 Qxc4
35. Qf1 Qb3 36. Qe2 e4 37. Ra3 Qb5 38. Qxb5 axb5 39. gxf4 Rxf4 40. Rb3 Rxh4 41.
Rxb5 Re5 42. Be3 Re7 43. Kg2 Be5 44. Rh1 Rxh1 45. Kxh1 g5 46. Kg2 Kg7 47. c4 Rc7
48. c5 dxc5 49. Bxc5 Kg6 50. Be3 Rd7 51. b4 Kf5 52. Rb6 h5 53. b5 h4 54. Rh6
Rxd5 55. a6 bxa6 56. bxa6 Rd8 57. a7 Bf4 58. Bb6 Ra8 59. Rh7 Be5 60. Be3 Bf4 61.
Bb6 Kg4 62. Bd4 Kf5 63. Bb6 1/2-1/2

[Event "34th Leon Blitz Open 2021"]
[Site "chess.com INT"]
[Date "2021.07.07"]
[Round "7"]
[White "Nefedov, Sergey"]
[Black "Khanin, Semen"]
[Result "1-0"]
[WhiteTitle "FM"]
[BlackTitle "IM"]
[WhiteElo "2313"]
[BlackElo "2517"]
[WhiteFideId "24113417"]
[BlackFideId "4111990"]
[EventDate "2021.07.07"]

1. d4 Nf6 2. Nf3 g6 3. Bf4 Bg7 4. e3 d6 5. h3 b6 6. Be2 Bb7 7. O-O O-O 8. c4
Nbd7 9. Nc3 Ne4 10. Nxe4 Bxe4 11. Nd2 Bb7 12. Bf3 c6 13. Bh2 Re8 14. Qc2 Rc8 15.
Rad1 Qc7 16. b4 c5 17. dxc5 bxc5 18. Bxb7 Qxb7 19. b5 a6 20. a4 axb5 21. cxb5 d5
22. Rb1 c4 23. a5 Nc5 24. Rfd1 e5 25. e4 d4 26. a6 Qa7 27. Nxc4 d3 28. Qa2 Nxe4
29. b6 Qd7 30. b7 Nc3 31. bxc8=Q Rxc8 32. Qb3 Qd4 33. Ne3 Bh6 34. Kh1 d2 35. Qb7
Rf8 36. a7 Qa4 37. Ra1 Nxd1 38. Rxa4 Nxf2+ 39. Kg1 Bxe3 40. Ra1 Bd4 41. a8=Q
Bxa1 42. Qxa1 d1=Q+ 43. Qxd1 Nxd1 44. Bxe5 Ne3 45. Qe7 Nd5 46. Qd6 f6 47. Qxd5+
Kg7 48. Bd4 Rf7 49. g4 h6 50. h4 Kg8 51. Qe6 Kg7 52. g5 hxg5 53. hxg5 Kg8 54.
Bxf6 Kf8 55. Qc8# 1-0

[Event "34th Leon Blitz Open 2021"]
[Site "chess.com INT"]
[Date "2021.07.07"]
[Round "7"]
[White "Yilmaz, Mustafa"]
[Black "Lobanov, Sergei"]
[Result "1/2-1/2"]
[WhiteTitle "GM"]
[BlackTitle "IM"]
[WhiteElo "2630"]
[BlackElo "2514"]
[WhiteFideId "6302718"]
[BlackFideId "24183750"]
[EventDate "2021.07.07"]

1. Nf3 d5 2. d4 Nf6 3. c4 e6 4. Nc3 Bb4 5. e3 O-O 6. Bd2 c5 7. a3 Bxc3 8. Bxc3
cxd4 9. Qxd4 Nc6 10. Qd3 Ne4 11. cxd5 exd5 12. Rd1 Be6 13. Be2 Rc8 14. Bd4 Nxd4
15. Nxd4 Qa5+ 16. Kf1 Qb6 17. Qb5 Qd6 18. f3 Nf6 19. Kf2 Rc7 20. Qb4 Qe5 21. Rd2
Rfc8 22. Bd3 Bd7 23. Ne2 Bf5 24. Qf4 Qxf4 25. Nxf4 Bxd3 26. Nxd3 Kf8 27. Rhd1
Ke7 28. Nb4 Rd7 29. Ke2 Ke6 30. Nd3 g5 31. g4 Rc4 32. h3 a5 33. Nc1 a4 34. Na2
Ke5 35. Nb4 h5 36. Rd4 Rxd4 37. Rxd4 hxg4 38. hxg4 Rc7 39. Kd2 b5 40. Nd3+ Kd6
41. Rb4 Rb7 42. Nc1 Nd7 43. Ne2 Ne5 44. Nc3 Kc5 45. Nxa4+ Kc6 46. Nc3 Nxf3+ 47.
Ke2 Ne5 48. e4 dxe4 49. Rxe4 Nc4 50. a4 Nd6 51. axb5+ Nxb5 52. Rc4+ Kd6 53. Kf3
Nxc3 54. bxc3 Rb2 55. Rd4+ Ke5 56. Re4+ Kd6 57. Rd4+ Ke5 58. Re4+ Kd6 59. Rd4+ 1/2-1/2

[Event "34th Leon Blitz Open 2021"]
[Site "chess.com INT"]
[Date "2021.07.07"]
[Round "7"]
[White "Svane, Rasmus"]
[Black "Fernandez, Daniel Howard"]
[Result "0-1"]
[WhiteTitle "GM"]
[BlackTitle "GM"]
[WhiteElo "2615"]
[BlackElo "2487"]
[WhiteFideId "4657101"]
[BlackFideId "5801605"]
[EventDate "2021.07.07"]

1. Nf3 Nf6 2. g3 b5 3. Bg2 Bb7 4. d4 e6 5. Bg5 c5 6. c3 d5 7. O-O Nbd7 8. a4 a6
9. Nbd2 Be7 10. dxc5 Nxc5 11. Nd4 Nxa4 12. Qb1 Nc5 13. Rd1 h6 14. Bxf6 Bxf6 15.
e4 Bxd4 16. cxd4 Nxe4 17. Nxe4 dxe4 18. Bxe4 Bxe4 19. Qxe4 Qd5 20. Qxd5 exd5 21.
Rdc1 Ke7 22. Rc7+ Kf6 23. Rd7 Ke6 24. Rb7 Rhe8 25. Kg2 Kf6 26. Rd7 Re2 27. Rxd5
Rxb2 28. Rd6+ Kf5 29. Raxa6 Rxa6 30. Rxa6 Ke4 31. Ra7 b4 32. Rxf7 g5 33. Rf6 h5
34. Rh6 Ra2 35. Rb6 Ra4 36. Rb5 Kxd4 37. Rxg5 Kc3 38. Rc5+ Kd3 39. Rxh5 b3 40.
Rd5+ Kc3 41. Rd1 b2 42. Rb1 Kc2 43. Rxb2+ Kxb2 44. f4 Kc3 45. Kf3 Kd4 46. Kg4
Kd5 47. Kg5 Ra3 48. Kg4 Ke6 49. Kg5 Kf7 50. Kf5 Ra5+ 51. Kg4 Kf6 52. Kf3 Ra2 53.
h3 Ra3+ 54. Kg4 Rb3 55. h4 Ra3 56. h5 Rb3 57. Kh3 Kf5 58. h6 Kg6 59. Kg4 Kxh6
60. Kh4 Kg6 61. Kg4 Kf6 62. Kh4 Kf5 63. Kh3 Rb8 0-1